| 000 | 01319njm a2200289Ia 4500 | ||
|---|---|---|---|
| 001 | A3799 | ||
| 003 | IT-RoPAU | ||
| 005 | 20220918181131.0 | ||
| 008 | 131025s9999 xx 000 0 und d | ||
| 040 | _aIT-RoPAU | ||
| 040 | _cIT-RoPAU | ||
| 999 |
_c100585 _d100585 |
||
| 999 | _bn.d. | ||
| 100 |
_aIntra Enrico _928087 |
||
| 100 |
_eAutore musica _928088 |
||
| 100 |
_gCodice autore musica SPICS: 13932 _928089 |
||
| 245 | _aVergine e madre | ||
| 250 | _a1a ed. | ||
| 260 | _aROMA | ||
| 260 |
_bEP - MUSICALI E DISCOGRAFICHE _c1991 [1a Ed.:1991 - Ed. Lingua Orig.: 1991] |
||
| 300 | _aCOMPACT DISC | ||
| 300 | _c41 minuti (Testo: 0 pag.) | ||
| 500 | _aMusica strumentale, liturgica. Temi gregoriani. | ||
| 505 | _aSalve regina (antifona tono solenne) - Audi filia (graduale, comune della Beata Maria Vergine) - Alleluja, virga Iesse (comune della Beata Maria Vergine) - Alma redemptoris (antifona, tono semplice) - Ave Maris Stella (inno) - Benedicta (graduale, comune della Beata Maria Vergine) - Ave Maria (offertorio, Immacolata) - Alleluia, Ave Maria (comune della Beata Maria Vergine) - Alleluia Assumpta est (Assunzione della Beata Maria Vergine) | ||
| 650 |
_aSTRUMENTALE [COMPACT DISC] _eCodice MATERIA SPICS: 9949 _928090 |
||
| 700 |
_aIntra Enrico _gCodice interprete SPICS: 13932 _eInterprete _928091 |
||
| 942 |
_cCD _2ddc |
||